| 000 | 00778nam a2200253 i 4500 | ||
|---|---|---|---|
| 001 | 88758 | ||
| 003 | ES-MaACL | ||
| 005 | 20251003194727.0 | ||
| 007 | t| | ||
| 008 | 041217s1980 sp |||| | spa d | ||
| 080 | _a133(38) | ||
| 080 | _a930.85(38) | ||
| 100 | 1 |
_aDodds, Eric Robertson. _9149392 |
|
| 245 | 1 | 4 |
_aLos griegos y lo irracional / _cE. R. Dodds ; versión española de María Araujo. |
| 260 |
_aMadrid : _bAlianza Editorial, _c[1980] |
||
| 300 |
_a292 p. ; _c20 cm. |
||
| 490 | 1 |
_aAlianza universidad ; _v268 |
|
| 650 | 4 |
_aOcultismo- _zGrecia. _915685 |
|
| 650 | 1 | 4 |
_aCivilización griega. _9137206 |
| 700 | 1 |
_aAraújo Fernández, María _9149393 |
|
| 830 | 0 |
_aAlianza universidad ; _v268 _9177276 |
|
| 852 |
_aES-MaACL _jE-10606 |
||
| 999 |
_c88758 _d88758 |
||